00586nam a22001932 4500001001100000005001700011008004100028020001700069040001500086100003600101245007800137250001300215260003200228300001800260650004100278650002600319650004400345852000300389000001927620151217145912.0101023s xx 000 0 eng d a041515202x : aKABUcKABU1 aPettman, Jan Jindy.@000017895810aWorlding women :ba feminist international politics /cJan Jindt Pettman. a1st ed. aLondon :bRoutledge,c1996. axiii, 272 p. 0aInternational relations.@0000158257 0aFeminism.@0000153037 0aWomen.xPolitical activity.@00001789591